[Event "Titled Tuesday intern op 03rd Jan Late"]
[Site "Chess.com INT"]
[Date "2025.06.03"]
[Round "1"]
[White "Smieszek, Wojciech"]
[Black "Kravtsiv, Martyn"]
[Result "0-1"]
[WhiteElo "2141"]
[BlackElo "2598"]
[PlyCount "76"]
[EventDate "2025.06.03"]
[EventType "swiss (blitz)"]
[EventRounds "11"]
[EventCountry "USA"]
[SourceTitle "CB24_2025"]
[SourceDate "2025.06.11"]
[SourceVersion "1"]
[SourceVersionDate "2025.06.11"]
[SourceQuality "1"]

1. e4 e5 2. Nf3 Nc6 3. Bb5 a6 4. Ba4 Nf6 5. Qe2 b5 6. Bb3 Be7 7. c3 0-0 8. 0-0 Bb7 9. Rd1 d5 10. d3 h6 11. Nbd2 Re8 12. Nf1 Bf8 13. Ne3 Na5 14. Bc2 c5 15. exd5 Nxd5 16. Nxd5 Qxd5 17. a4 Nb3 18. c4 Nd4 19. cxd5 Nxe2+ 20. Kf1 Nxc1 21. Rdxc1 Bxd5 22. axb5 axb5 23. Rxa8 Bxa8 24. Nd2 Rd8 25. Ra1 c4 26. Ne4 Bxe4 27. dxe4 Rd2 28. Bd1 Rxb2 29. Rc1 Ba3 30. Ra1 Bc5 31. Be2 g6 32. g3 Bd4 33. Ra8+ Kg7 34. Rc8 c3 35. Ke1 b4 36. f4 b3 37. fxe5 Rb1+ 38. Bd1 c2 0-1

[Event "Titled Tuesday intern op 06th May Early"]
[Site "Chess.com INT"]
[Date "2025.05.06"]
[Round "4"]
[White "Michelle, Catherina P"]
[Black "Smieszek, Wojciech"]
[Result "0-1"]
[WhiteElo "2187"]
[BlackElo "2141"]
[PlyCount "100"]
[EventDate "2025.05.06"]
[EventType "swiss (blitz)"]
[EventRounds "11"]
[EventCountry "USA"]
[SourceTitle "CB20_2025"]
[SourceDate "2025.05.14"]
[SourceVersion "1"]
[SourceVersionDate "2025.05.14"]
[SourceQuality "1"]

1. d4 Nf6 2. Bf4 c5 3. d5 g6 4. c4 Bg7 5. Nc3 e6 6. e4 exd5 7. cxd5 d6 8. Nf3 0-0 9. h3 Re8 10. Bd3 a6 11. a4 Nbd7 12. 0-0 Qe7 13. Re1 Nh5 14. Bg5 Qf8 15. g4 Nhf6 16. Qc1 Ne5 17. Nxe5 Rxe5 18. f4 Rxg5 19. fxg5 Nd7 20. Bf1 Ne5 21. Qf4 Qe7 22. Kh1 Bd7 23. Rad1 Re8 24. Bg2 c4 25. Bf1 b5 26. axb5 axb5 27. Ra1 b4 28. Na4 Nd3 29. Bxd3 cxd3 30. Qd2 Bb5 31. Qxb4 Bxa4 32. Rxa4 Qe5 33. Qd2 Qg3 34. Re3 Qf4 35. Rxd3 Qf1+ 36. Kh2 Be5+ 37. Rg3 Rb8 38. b4 Rc8 39. Ra2 Bxg3+ 40. Kxg3 Qg1+ 41. Kf3 Qh1+ 42. Kg3 Qxe4 43. Kh2 Qe5+ 44. Kg2 Rc3 45. Ra8+ Kg7 46. Qf2 Qxd5+ 47. Kh2 Qe5+ 48. Kg2 Qe4+ 49. Kg1 Rc1+ 50. Kh2 Rc2 0-1

[Event "Titled Tuesday intern op 06th May Early"]
[Site "Chess.com INT"]
[Date "2025.05.06"]
[Round "1"]
[White "Shimanov, Aleksandr"]
[Black "Smieszek, Wojciech"]
[Result "1-0"]
[WhiteElo "2578"]
[BlackElo "2141"]
[PlyCount "91"]
[EventDate "2025.05.06"]
[EventType "swiss (blitz)"]
[EventRounds "11"]
[EventCountry "USA"]
[SourceTitle "CB20_2025"]
[SourceDate "2025.05.14"]
[SourceVersion "1"]
[SourceVersionDate "2025.05.14"]
[SourceQuality "1"]

1. d4 Nf6 2. c4 c5 3. Nf3 cxd4 4. Nxd4 Nc6 5. Nc3 g6 6. e4 Nxd4 7. Qxd4 d6 8. Bg5 Bg7 9. Qd2 0-0 10. Be2 Qa5 11. Rc1 Be6 12. b3 Rfc8 13. f3 a6 14. Nd5 Qxd2+ 15. Kxd2 Bxd5 16. exd5 h6 17. Be3 b5 18. cxb5 Rxc1 19. Rxc1 axb5 20. Bxb5 Rxa2+ 21. Rc2 Ra5 22. Bc6 Nxd5 23. Bxd5 Rxd5+ 24. Kc1 Rb5 25. Rc8+ Kh7 26. Kc2 d5 27. Bc5 e5 28. b4 e4 29. fxe4 dxe4 30. Kb3 Be5 31. Kc4 Rb7 32. h3 Rc7 33. Re8 f6 34. Kd5 Kg7 35. Kxe4 Kf7 36. Ra8 Rd7 37. b5 Ke6 38. Ra6+ Bd6 39. Bxd6 Rxd6 40. Rxd6+ Kxd6 41. b6 Kc6 42. b7 Kxb7 43. Kd5 h5 44. Ke6 g5 45. Kxf6 g4 46. h4 1-0

[Event "Titled Tuesday intern op 06th May Early"]
[Site "Chess.com INT"]
[Date "2025.05.06"]
[Round "5"]
[White "Smieszek, Wojciech"]
[Black "Vetoshko, Volodymyr"]
[Result "1-0"]
[WhiteElo "2141"]
[BlackElo "2517"]
[PlyCount "91"]
[EventDate "2025.05.06"]
[EventType "swiss (blitz)"]
[EventRounds "11"]
[EventCountry "USA"]
[SourceTitle "CB20_2025"]
[SourceDate "2025.05.14"]
[SourceVersion "1"]
[SourceVersionDate "2025.05.14"]
[SourceQuality "1"]

1. e4 c6 2. d4 d5 3. f3 dxe4 4. fxe4 e5 5. Nf3 Be6 6. Be2 exd4 7. Nxd4 Qh4+ 8. g3 Qxe4 9. Rf1 Nf6 10. Nc3 Bb4 11. Nxe6 Qxe6 12. Bd2 0-0 13. a3 Bxc3 14. Bxc3 Nd5 15. Qd4 Nxc3 16. Qxc3 Nd7 17. Rf2 Qh6 18. Rd1 Nf6 19. Bf3 Rad8 20. Rxd8 Rxd8 21. Kf1 Qh3+ 22. Kg1 Ne4 23. Qa5 b6 24. Qxa7 Nxf2 25. Qxb6 Qd7 26. Qxf2 Qd6 27. Kg2 g6 28. c4 c5 29. h4 Kg7 30. b3 f5 31. Bd5 Re8 32. Qb2+ Qe5 33. Qxe5+ Rxe5 34. b4 cxb4 35. axb4 Kf6 36. b5 Re2+ 37. Kf3 Rb2 38. Ke3 Ke5 39. Kd3 Rb3+ 40. Kc2 Rxg3 41. Bg8 h6 42. c5 g5 43. b6 Rg2+ 44. Kc3 Rg1 45. b7 Rc1+ 46. Kb2 1-0

[Event "Titled Tuesday intern op 01st Apr Late"]
[Site "Chess.com INT"]
[Date "2025.04.01"]
[Round "4"]
[White "Danila, Tudor Gabriel"]
[Black "Smieszek, Wojciech"]
[Result "0-1"]
[WhiteElo "2178"]
[BlackElo "2141"]
[PlyCount "90"]
[EventDate "2025.04.01"]
[EventType "swiss (blitz)"]
[EventRounds "11"]
[EventCountry "USA"]
[SourceTitle "CB21_2025"]
[SourceDate "2025.05.21"]
[SourceVersion "1"]
[SourceVersionDate "2025.05.21"]
[SourceQuality "1"]

1. Nf3 Nf6 2. b3 g6 3. Bb2 Bg7 4. e3 0-0 5. Be2 d6 6. 0-0 e5 7. c4 Nc6 8. d3 h6 9. a3 a5 10. Nc3 Be6 11. e4 Nd4 12. Nd5 c6 13. Ne3 Nd7 14. Bxd4 exd4 15. Nc2 Qb6 16. Rb1 c5 17. b4 axb4 18. axb4 Qc7 19. bxc5 dxc5 20. Rb5 Ne5 21. Nxe5 Bxe5 22. h3 Bd7 23. Rb2 f5 24. exf5 Rxf5 25. Bf3 Bc6 26. Be4 Bxe4 27. dxe4 Rf4 28. Qb1 d3 29. Ne1 Bxb2 30. Qxb2 Rd8 31. Qd2 Rxe4 32. Qxh6 Qg7 33. Qd2 Re2 34. Qd1 Qc3 35. Nf3 Qc2 36. Qa1 d2 37. Qd1 Qxd1 38. Rxd1 Re4 39. Rxd2 Rxd2 40. Nxd2 Rd4 41. Nf3 Rxc4 42. Ne5 Rc1+ 43. Kh2 b5 44. Kg3 b4 45. Nd3 Rc3 0-1

[Event "Titled Tuesday intern op 01st Apr Late"]
[Site "Chess.com INT"]
[Date "2025.04.01"]
[Round "5"]
[White "Sarana, Alexey"]
[Black "Smieszek, Wojciech"]
[Result "1-0"]
[WhiteElo "2672"]
[BlackElo "2141"]
[PlyCount "85"]
[EventDate "2025.04.01"]
[EventType "swiss (blitz)"]
[EventRounds "11"]
[EventCountry "USA"]
[SourceTitle "CB15_2025"]
[SourceDate "2025.04.09"]
[SourceVersion "1"]
[SourceVersionDate "2025.04.09"]
[SourceQuality "1"]

1. e4 c5 2. Nf3 g6 3. Nc3 Bg7 4. d4 cxd4 5. Nxd4 Nc6 6. Be3 Nf6 7. Bc4 0-0 8. Bb3 d6 9. f3 Bd7 10. Qd2 Rc8 11. 0-0-0 Nxd4 12. Bxd4 b5 13. h4 a5 14. a4 b4 15. Nd5 Nxd5 16. Bxg7 Kxg7 17. exd5 h5 18. g4 Rh8 19. Qd4+ Kg8 20. Rde1 Qe8 21. Re3 Bxa4 22. Kb1 Bxb3 23. cxb3 Rc7 24. Qb6 Qd7 25. Qxa5 Kh7 26. Qxb4 Ra8 27. Qf4 e5 28. dxe6 Qc6 29. Rc3 Qb6 30. Rxc7 Qxc7 31. Rc1 Qa5 32. Qxf7+ Kh8 33. Qf6+ Kh7 34. Qc3 Qa2+ 35. Kc2 Qa6 36. Kd2 Qb5 37. gxh5 Qd5+ 38. Qd3 Qa5+ 39. Rc3 Qxh5 40. Rc7+ Kg8 41. e7 Re8 42. Qxd6 Qf5 43. Rc5 1-0

[Event "Titled Tuesday intern op 01st Apr Late"]
[Site "Chess.com INT"]
[Date "2025.04.01"]
[Round "1"]
[White "Sevian, Samuel"]
[Black "Smieszek, Wojciech"]
[Result "1-0"]
[WhiteElo "2694"]
[BlackElo "2141"]
[PlyCount "79"]
[EventDate "2025.04.01"]
[EventType "swiss (blitz)"]
[EventRounds "11"]
[EventCountry "USA"]
[SourceTitle "CB21_2025"]
[SourceDate "2025.05.21"]
[SourceVersion "1"]
[SourceVersionDate "2025.05.21"]
[SourceQuality "1"]

1. e4 c5 2. Nf3 g6 3. d4 cxd4 4. Nxd4 Nc6 5. Nc3 Bg7 6. Be3 Nf6 7. Nxc6 bxc6 8. e5 Ng8 9. Bd4 f6 10. Qe2 Qa5 11. exf6 Nxf6 12. 0-0-0 d5 13. h4 Bf5 14. h5 Bg4 15. f3 Bd7 16. h6 Bxh6+ 17. Rxh6 Kf7 18. Re1 Rae8 19. g4 c5 20. Bxf6 exf6 21. Qd2 d4 22. Bc4+ Kg7 23. Rhh1 h5 24. Rxe8 Bxe8 25. Ne4 Qb6 26. gxh5 Rxh5 27. Rxh5 gxh5 28. Qg2+ Bg6 29. Ng3 Kh6 30. Bd3 Qa5 31. Qd2+ Qxd2+ 32. Kxd2 Bxd3 33. Kxd3 h4 34. Ne4 f5 35. Nf2 Kg5 36. Nh3+ Kf6 37. Kc4 Ke5 38. Kxc5 f4 39. b4 a6 40. a4 1-0

[Event "Titled Tuesday intern op 01st Apr Early"]
[Site "Chess.com INT"]
[Date "2025.04.01"]
[Round "2"]
[White "Smieszek, Wojciech"]
[Black "Lukachewski Junior, Wanderlei"]
[Result "1-0"]
[WhiteElo "2147"]
[BlackElo "2049"]
[PlyCount "51"]
[EventDate "2025.04.01"]
[EventType "swiss (blitz)"]
[EventRounds "11"]
[EventCountry "USA"]
[SourceTitle "CB15_2025"]
[SourceDate "2025.04.09"]
[SourceVersion "1"]
[SourceVersionDate "2025.04.09"]
[SourceQuality "1"]

1. e4 e6 2. d4 d5 3. Bd3 dxe4 4. Bxe4 Nf6 5. Bf3 Nc6 6. Ne2 Bd6 7. 0-0 h6 8. c4 e5 9. Bxc6+ bxc6 10. dxe5 Bxe5 11. Qxd8+ Kxd8 12. Rd1+ Ke7 13. Nbc3 Be6 14. b3 Rhd8 15. Bb2 Rd6 16. Ba3 Rad8 17. Rac1 Ke8 18. Bxd6 cxd6 19. Nd4 Bd7 20. Nf3 Bf4 21. Rc2 Bf5 22. Re2+ Kf8 23. Nd4 Bd7 24. Ne4 Nxe4 25. Rxe4 Be5 26. Nxc6 1-0

[Event "Titled Tuesday intern op 18th Mar Late"]
[Site "Chess.com INT"]
[Date "2025.03.18"]
[Round "8"]
[White "Bykov, Egor"]
[Black "Smieszek, Wojciech"]
[Result "1-0"]
[WhiteElo "2441"]
[BlackElo "2147"]
[PlyCount "107"]
[EventDate "2025.03.18"]
[EventType "swiss (blitz)"]
[EventRounds "11"]
[EventCountry "USA"]
[SourceTitle "CB13_2025"]
[SourceDate "2025.03.26"]
[SourceVersion "1"]
[SourceVersionDate "2025.03.26"]
[SourceQuality "1"]

1. e4 c5 2. c3 g6 3. d4 cxd4 4. cxd4 d5 5. exd5 Nf6 6. Nc3 Bg7 7. Bc4 0-0 8. Nge2 Nbd7 9. Nf4 Nb6 10. Bb3 Bf5 11. 0-0 Rc8 12. Re1 a6 13. Qf3 Re8 14. h3 Nc4 15. g4 Bd7 16. g5 Nh5 17. Nxh5 gxh5 18. Qxh5 Bf5 19. Qf3 Qd7 20. Bf4 Bxh3 21. Be5 Nd2 22. Qf4 Nxb3 23. axb3 f6 24. gxf6 exf6 25. Bd6 Kh8 26. Kh2 Red8 27. Re7 Qxd6 28. Qxd6 Rxd6 29. Kxh3 b5 30. Ra7 b4 31. Ne4 Rxd5 32. R1xa6 Rf8 33. Nd6 Rxd4 34. Nf5 Rd3+ 35. Kh4 Rg8 36. Rf7 Rd5 37. Ne7 Rd4+ 38. Kh3 Rf8 39. Rxf8+ Bxf8 40. Ra8 Rd3+ 41. Kg4 Kg7 42. Nf5+ Kf7 43. Ra7+ Kg6 44. Nh4+ Kh6 45. Nf5+ Kg6 46. Nh4+ Kh6 47. Rf7 Rd4+ 48. f4 Rd8 49. Rxf6+ Kg7 50. Rb6 Rd3 51. Nf5+ Kg8 52. Rb8 Rxb3 53. Kg5 Rxb2 54. Kf6 1-0

[Event "Titled Tuesday intern op 18th Mar Late"]
[Site "Chess.com INT"]
[Date "2025.03.18"]
[Round "10"]
[White "Smieszek, Wojciech"]
[Black "Jaskolka, Tomasz"]
[Result "1-0"]
[WhiteElo "2147"]
[BlackElo "2198"]
[PlyCount "91"]
[EventDate "2025.03.18"]
[EventType "swiss (blitz)"]
[EventRounds "11"]
[EventCountry "USA"]
[SourceTitle "CB13_2025"]
[SourceDate "2025.03.26"]
[SourceVersion "1"]
[SourceVersionDate "2025.03.26"]
[SourceQuality "1"]

1. e4 d6 2. d4 Nf6 3. Nc3 Nbd7 4. Nf3 e5 5. g4 g6 6. g5 Nh5 7. Be3 c6 8. Be2 Bg7 9. Qd2 0-0 10. h4 f5 11. gxf6 Ndxf6 12. 0-0-0 Ng4 13. dxe5 Nxe3 14. Qxe3 Bg4 15. Rxd6 Qa5 16. Bc4+ Kh8 17. Ng5 Qxe5 18. Rhd1 Bh6 19. Nf7+ Rxf7 20. Qxh6 Qf4+ 21. Qxf4 Rxf4 22. Rd8+ Rxd8 23. Rxd8+ Kg7 24. Rb8 b5 25. Rb7+ Kh6 26. Bd3 a5 27. Rb6 b4 28. Nd1 Bxd1 29. Kxd1 Rxf2 30. Rxc6 Nf4 31. Rd6 Kh5 32. a3 bxa3 33. bxa3 Kxh4 34. e5 Rf3 35. Kd2 Rg3 36. e6 Rg5 37. Rd4 Kg3 38. Re4 Nd5 39. e7 Nxe7 40. Rxe7 h5 41. Re6 Kf4 42. Rxg6 Rd5 43. Ke2 h4 44. Rh6 Kg3 45. Kf1 Re5 46. Rg6+ 1-0

[Event "Titled Tuesday intern op 18th Mar Late"]
[Site "Chess.com INT"]
[Date "2025.03.18"]
[Round "5"]
[White "Smieszek, Wojciech"]
[Black "Povshednyi, Ivan"]
[Result "1-0"]
[WhiteElo "2147"]
[BlackElo "2291"]
[PlyCount "77"]
[EventDate "2025.03.18"]
[EventType "swiss (blitz)"]
[EventRounds "11"]
[EventCountry "USA"]
[SourceTitle "CB13_2025"]
[SourceDate "2025.03.26"]
[SourceVersion "1"]
[SourceVersionDate "2025.03.26"]
[SourceQuality "1"]

1. e4 c6 2. d4 d5 3. exd5 cxd5 4. c3 Nc6 5. Bf4 e6 6. Nf3 Bd6 7. Bg3 Nge7 8. Bd3 f6 9. 0-0 0-0 10. Re1 Bxg3 11. hxg3 Qd6 12. Nbd2 Kh8 13. Qc2 e5 14. dxe5 fxe5 15. Bxh7 e4 16. Nxe4 dxe4 17. Bxe4 Bf5 18. Rad1 Qf6 19. Bxf5 Nxf5 20. Rd5 Rad8 21. Red1 Rxd5 22. Rxd5 Qe6 23. Qd3 Kg8 24. g4 Nfe7 25. Ng5 Qh6 26. Rc5 g6 27. Qc4+ Kh8 28. Nf7+ Rxf7 29. Qxf7 Qg7 30. Qe8+ Kh7 31. g5 Qg8 32. Qd7 Qc8 33. Qd3 Qe6 34. Rc4 Ne5 35. Rh4+ Kg7 36. Qd8 Nf5 37. Qh8+ Kf7 38. Rh7+ Ng7 39. Rxg7# 1-0

[Event "Titled Tuesday intern op 04th Mar Early"]
[Site "Chess.com INT"]
[Date "2025.03.04"]
[Round "3"]
[White "Shuvalov, Evgenij"]
[Black "Smieszek, Wojciech"]
[Result "1-0"]
[WhiteElo "1986"]
[BlackElo "2147"]
[PlyCount "49"]
[EventDate "2025.03.04"]
[EventType "swiss (blitz)"]
[EventRounds "11"]
[EventCountry "USA"]
[SourceTitle "CB11_2025"]
[SourceDate "2025.03.12"]
[SourceVersion "1"]
[SourceVersionDate "2025.03.12"]
[SourceQuality "1"]

1. d4 Nf6 2. c4 c5 3. d5 e6 4. Nf3 exd5 5. cxd5 d6 6. e4 g6 7. Bd3 Bg7 8. h3 0-0 9. 0-0 Re8 10. Re1 a6 11. a4 Nbd7 12. Nbd2 Nh5 13. Nc4 Qe7 14. g4 Nhf6 15. Bf4 Ne5 16. Nfxe5 dxe5 17. Bxe5 Bd7 18. a5 Bb5 19. Bc3 Bxc4 20. Bxc4 Nxe4 21. Bxg7 Kxg7 22. Qd3 f5 23. f3 Qe5 24. fxe4 fxe4 25. Qc3 1-0

[Event "Titled Tuesday intern op 04th Mar Early"]
[Site "Chess.com INT"]
[Date "2025.03.04"]
[Round "7"]
[White "Sitbon, Itay"]
[Black "Smieszek, Wojciech"]
[Result "1/2-1/2"]
[WhiteElo "2195"]
[BlackElo "2147"]
[PlyCount "162"]
[EventDate "2025.03.04"]
[EventType "swiss (blitz)"]
[EventRounds "11"]
[EventCountry "USA"]
[SourceTitle "CB11_2025"]
[SourceDate "2025.03.12"]
[SourceVersion "1"]
[SourceVersionDate "2025.03.12"]
[SourceQuality "1"]

1. e4 c5 2. d4 cxd4 3. c3 d3 4. Bxd3 g6 5. Nf3 Bg7 6. 0-0 Nc6 7. c4 d6 8. Nc3 Nf6 9. h3 0-0 10. Be3 Bd7 11. Rc1 Qa5 12. a3 Rfc8 13. Qe2 a6 14. Rfd1 Rab8 15. Nb1 Ne5 16. Nxe5 Qxe5 17. f4 Qh5 18. Nc3 Qxe2 19. Bxe2 Bc6 20. Bf3 b5 21. cxb5 axb5 22. Bd4 b4 23. axb4 Rxb4 24. Nd5 Nxd5 25. Bxg7 Kxg7 26. exd5 Bd7 27. Rxc8 Bxc8 28. Rc1 Ba6 29. Rc7 Kf6 30. Kf2 Rxb2+ 31. Ke3 Rb3+ 32. Kf2 Rb4 33. Ke3 Rc4 34. Ra7 Ra4 35. g4 h6 36. g5+ hxg5 37. fxg5+ Kxg5 38. Rxe7 Kf6 39. Rd7 Ra3+ 40. Kf2 Ke5 41. Re7+ Kd4 42. Rxf7 Bd3 43. Rf6 Bf5 44. Rxd6 Ke5 45. Rd8 Kf4 46. Be2 Ra2 47. Re8 Bxh3 48. d6 Bg4 49. Rf8+ Ke5 50. Re8+ Kxd6 51. Kg3 Bxe2 52. Kh4 Bd3 53. Re3 Bf5 54. Kg5 Ra5 55. Kf6 Ra8 56. Rd3+ Kc5 57. Rc3+ Kd4 58. Rc1 Ra6+ 59. Kg5 Ke3 60. Re1+ Kf2 61. Re7 Ra5 62. Kf4 Kg2 63. Re2+ Kh3 64. Rb2 Ra4+ 65. Kg5 Rg4+ 66. Kf6 Rg2 67. Rb3+ Kh2 68. Ke5 Bh3 69. Kf4 g5+ 70. Kf3 g4+ 71. Kf4 Rf2+ 72. Kg5 g3 73. Kh4 Rf4+ 74. Kg5 Rf5+ 75. Kh4 Rf4+ 76. Kg5 Rc4 77. Rb2+ g2 78. Rd2 Kh1 79. Rc2 Rxc2 80. Kh4 g1Q 81. Kxh3 Rc4 1/2-1/2

[Event "Titled Tuesday intern op 04th Mar Early"]
[Site "Chess.com INT"]
[Date "2025.03.04"]
[Round "4"]
[White "Smieszek, Wojciech"]
[Black "Ruiz Aguilar, Pablo Alexander"]
[Result "1-0"]
[WhiteElo "2147"]
[BlackElo "2190"]
[PlyCount "67"]
[EventDate "2025.03.04"]
[EventType "swiss (blitz)"]
[EventRounds "11"]
[EventCountry "USA"]
[SourceTitle "CB11_2025"]
[SourceDate "2025.03.12"]
[SourceVersion "1"]
[SourceVersionDate "2025.03.12"]
[SourceQuality "1"]

1. e4 c5 2. Nf3 e6 3. d4 cxd4 4. Nxd4 a6 5. Bd3 Nf6 6. 0-0 d6 7. Nc3 Be7 8. Be3 0-0 9. f4 Nbd7 10. Qf3 Qc7 11. Rae1 g6 12. g4 Nc5 13. g5 Nfd7 14. Qh3 Nxd3 15. cxd3 Nc5 16. Qh6 Nxd3 17. Rf3 f6 18. Rd1 Nxb2 19. Rc1 Qa5 20. f5 exf5 21. exf5 Rf7 22. fxg6 hxg6 23. Qxg6+ Rg7 24. Qe8+ Bf8 25. h4 Bg4 26. Qxa8 Bxf3 27. Nxf3 Nd3 28. Rc2 Qf5 29. Nd4 Qg4+ 30. Rg2 Qxh4 31. Nf3 Qh3 32. Ne4 Qxf3 33. Nxf6+ Kf7 34. Qe8# 1-0

[Event "Titled Tuesday intern op 04th Mar Early"]
[Site "Chess.com INT"]
[Date "2025.03.04"]
[Round "9"]
[White "Swara, Lakshmi S Nair"]
[Black "Smieszek, Wojciech"]
[Result "0-1"]
[WhiteElo "2216"]
[BlackElo "2147"]
[PlyCount "72"]
[EventDate "2025.03.04"]
[EventType "swiss (blitz)"]
[EventRounds "11"]
[EventCountry "USA"]
[SourceTitle "CB11_2025"]
[SourceDate "2025.03.12"]
[SourceVersion "1"]
[SourceVersionDate "2025.03.12"]
[SourceQuality "1"]

1. e4 c5 2. Nf3 g6 3. d4 cxd4 4. Nxd4 Nc6 5. Nc3 Bg7 6. Be3 Nf6 7. Bc4 0-0 8. Bb3 d6 9. f3 Bd7 10. Qd2 Rc8 11. 0-0-0 Nxd4 12. Bxd4 b5 13. Nd5 Nxd5 14. Bxg7 Kxg7 15. exd5 a5 16. a3 Qb6 17. g4 Kg8 18. h4 b4 19. a4 f5 20. h5 fxg4 21. hxg6 Rxf3 22. Rxh7 Qe3 23. Rdh1 Qxd2+ 24. Kxd2 Bf5 25. Rxe7 Bxg6 26. Re6 Bf5 27. Rxd6 Re8 28. Rdh6 Rf2+ 29. Kd1 Ree2 30. Rc6 g3 31. d6+ Kg7 32. d7 Bxd7 33. Rc7 Re7 34. Be6 g2 35. Re1 Rf1 36. Bxd7 Rfxe1+ 0-1

[Event "Titled Tuesday intern op 25th Feb Early"]
[Site "Chess.com INT"]
[Date "2025.02.25"]
[Round "3"]
[White "Smieszek, Wojciech"]
[Black "Abdou, Ahmed Alem"]
[Result "1-0"]
[WhiteElo "2133"]
[BlackElo "2033"]
[PlyCount "79"]
[EventDate "2025.02.25"]
[EventType "swiss (blitz)"]
[EventRounds "11"]
[EventCountry "USA"]
[SourceTitle "CB10_2025"]
[SourceDate "2025.03.05"]
[SourceVersion "1"]
[SourceVersionDate "2025.03.05"]
[SourceQuality "1"]

1. e4 d5 2. exd5 Qxd5 3. Nf3 Nf6 4. d4 Bg4 5. Be2 e6 6. c4 Qd6 7. 0-0 Nc6 8. Be3 Be7 9. Nc3 0-0 10. h3 Bh5 11. Nb5 Qd8 12. Ne5 Bxe2 13. Qxe2 a6 14. Nxc6 bxc6 15. Nc3 c5 16. dxc5 Qe8 17. Rfd1 Qc6 18. Rd2 Bxc5 19. Bxc5 Qxc5 20. Rad1 Rab8 21. b3 Qe7 22. Ne4 Rfd8 23. Nxf6+ Qxf6 24. c5 a5 25. c6 h6 26. Rd7 Rxd7 27. cxd7 Rd8 28. Qc4 e5 29. Qxc7 Qe7 30. a3 e4 31. b4 axb4 32. axb4 e3 33. fxe3 Qxe3+ 34. Kh1 Qe7 35. b5 Kh7 36. b6 Qe2 37. Rc1 Qe7 38. b7 Rxd7 39. Qxd7 Qxd7 40. b8Q 1-0

[Event "Titled Tuesday intern op 25th Feb Early"]
[Site "Chess.com INT"]
[Date "2025.02.25"]
[Round "4"]
[White "Smieszek, Wojciech"]
[Black "Melikyan, Gnel"]
[Result "0-1"]
[WhiteElo "2133"]
[BlackElo "2217"]
[PlyCount "90"]
[EventDate "2025.02.25"]
[EventType "swiss (blitz)"]
[EventRounds "11"]
[EventCountry "USA"]
[SourceTitle "CB10_2025"]
[SourceDate "2025.03.05"]
[SourceVersion "1"]
[SourceVersionDate "2025.03.05"]
[SourceQuality "1"]

1. e4 c6 2. d4 d5 3. Nc3 dxe4 4. Nxe4 Nf6 5. Nxf6+ exf6 6. c3 Bd6 7. Bd3 0-0 8. Qc2 Re8+ 9. Ne2 h6 10. 0-0 Nd7 11. Re1 Nf8 12. Bd2 Qc7 13. h3 c5 14. c4 cxd4 15. Nxd4 Bd7 16. Rac1 Ne6 17. Nxe6 Bxe6 18. c5 Bf8 19. b4 Rad8 20. Be3 Bd5 21. Bc4 Bxc4 22. Qxc4 Qc6 23. b5 Qe6 24. c6 Qxc4 25. Rxc4 bxc6 26. bxc6 Rc8 27. Rb1 a5 28. Bf4 g5 29. Bd2 Re2 30. Bxa5 Rxa2 31. Bb4 Bxb4 32. Rbxb4 Kg7 33. Rb7 Ra6 34. c7 Raa8 35. g4 Re8 36. Rc5 Rac8 37. Rb6 Re7 38. Rbc6 Re6 39. Kg2 Kf8 40. Kg3 Ke7 41. h4 Kd7 42. Rxe6 fxe6 43. hxg5 hxg5 44. f4 Rxc7 45. Ra5 Rc3+ 0-1

[Event "Titled Tuesday intern op 04th Feb Early"]
[Site "Chess.com INT"]
[Date "2025.02.04"]
[Round "6"]
[White "Jaiveer, Mahendru"]
[Black "Smieszek, Wojciech"]
[Result "1-0"]
[WhiteElo "2251"]
[BlackElo "2133"]
[PlyCount "85"]
[EventDate "2025.02.04"]
[EventType "swiss (blitz)"]
[EventRounds "11"]
[EventCountry "USA"]
[SourceTitle "CB07_2025"]
[SourceDate "2025.02.12"]
[SourceVersion "1"]
[SourceVersionDate "2025.02.12"]
[SourceQuality "1"]

1. e3 Nf6 2. d4 g6 3. Nf3 Bg7 4. c4 c5 5. Nc3 0-0 6. Be2 d6 7. 0-0 b6 8. Re1 Bb7 9. Bf1 Ne4 10. Qc2 Nxc3 11. bxc3 cxd4 12. cxd4 Nd7 13. Ba3 Rc8 14. Rac1 Re8 15. Qa4 Qc7 16. Nd2 e5 17. Nb3 exd4 18. exd4 Nf6 19. Rxe8+ Rxe8 20. c5 dxc5 21. dxc5 bxc5 22. Bxc5 Bd5 23. Be3 Qe5 24. Bd4 Qf4 25. Rd1 Ng4 26. Qxe8+ Bf8 27. Bb5 Qxh2+ 28. Kf1 Qxg2+ 29. Ke1 Bf3 30. Bc5 Qh1+ 31. Bf1 Qh6 32. Qxf8+ Qxf8 33. Bxf8 Kxf8 34. Rd8+ Ke7 35. Rc8 h5 36. Rc7+ Ke6 37. Rxa7 Ke5 38. Rxf7 Be4 39. Nd2 Bf5 40. a4 h4 41. a5 Ke6 42. Rf8 Ke7 43. Rh8 1-0

[Event "Titled Tuesday intern op 04th Feb Early"]
[Site "Chess.com INT"]
[Date "2025.02.04"]
[Round "8"]
[White "Kashefi, Amir Hossein"]
[Black "Smieszek, Wojciech"]
[Result "0-1"]
[WhiteElo "2118"]
[BlackElo "2133"]
[PlyCount "96"]
[EventDate "2025.02.04"]
[EventType "swiss (blitz)"]
[EventRounds "11"]
[EventCountry "USA"]
[SourceTitle "CB07_2025"]
[SourceDate "2025.02.12"]
[SourceVersion "1"]
[SourceVersionDate "2025.02.12"]
[SourceQuality "1"]

1. d4 Nf6 2. Nf3 c5 3. e3 g6 4. Be2 Bg7 5. 0-0 0-0 6. b3 d6 7. Bb2 Nbd7 8. c4 b6 9. d5 a6 10. a4 Rb8 11. Na3 Ng4 12. Bxg7 Kxg7 13. h3 Nge5 14. Nxe5 Nxe5 15. f4 Nd7 16. e4 Nf6 17. Bd3 e6 18. Qd2 exd5 19. cxd5 b5 20. axb5 axb5 21. Nxb5 Nxe4 22. Qb2+ Qf6 23. Qxf6+ Nxf6 24. Bc4 Rd8 25. Ra7 Bb7 26. f5 g5 27. Nc3 Re8 28. Kf2 Ne4+ 29. Nxe4 Rxe4 30. Kg3 Kf6 31. Rd1 h5 32. Rd3 h4+ 33. Kf3 Rf4+ 34. Ke3 Rxf5 35. Kd2 Rf2+ 36. Kc3 Rxg2 37. Rf3+ Kg7 38. Ba6 Rg3 39. Rd3 Bxa6 40. Rxa6 Rxd3+ 41. Kxd3 Rxb3+ 42. Ke4 Rxh3 43. Rxd6 Rh1 44. Rc6 h3 45. Rxc5 h2 46. Kf3 Rf1+ 47. Kg4 h1Q 48. d6 Qh4# 0-1

[Event "Titled Tuesday intern op 04th Feb Late"]
[Site "Chess.com INT"]
[Date "2025.02.04"]
[Round "4"]
[White "Smieszek, Wojciech"]
[Black "Koutsogiannopoulou, Theodora"]
[Result "1-0"]
[WhiteElo "2133"]
[BlackElo "1851"]
[PlyCount "95"]
[EventDate "2025.02.04"]
[EventType "swiss (blitz)"]
[EventRounds "11"]
[EventCountry "USA"]
[SourceTitle "CB07_2025"]
[SourceDate "2025.02.12"]
[SourceVersion "1"]
[SourceVersionDate "2025.02.12"]
[SourceQuality "1"]

1. e4 c5 2. Nf3 e6 3. d4 cxd4 4. Nxd4 Nf6 5. Nc3 Nc6 6. a3 a6 7. Be3 d5 8. exd5 Nxd5 9. Nxd5 exd5 10. Be2 Be7 11. 0-0 0-0 12. Bf3 Bf6 13. c3 Ne5 14. Qe2 Re8 15. Rad1 Nc4 16. Nc2 Nxb2 17. Rxd5 Qc7 18. Nd4 Nc4 19. Bf4 Rxe2 20. Bxc7 Re8 21. Rd1 Nxa3 22. g4 h6 23. Nf5 Be6 24. R5d3 Nb5 25. Bg3 Nxc3 26. Rc1 Nb5 27. Bxb7 Ra7 28. Bf3 a5 29. Rb1 Bxf5 30. gxf5 Nd4 31. Bd1 Nxf5 32. Bb8 Re1+ 33. Kg2 Rae7 34. Bc2 Rxb1 35. Rd8+ Kh7 36. Bxf5+ g6 37. Bxb1 Rb7 38. Rf8 Kg7 39. Be4 Rb4 40. Re8 a4 41. Bd6 Rb6 42. Bf8+ Kh7 43. Bc5 Ra6 44. Ba3 h5 45. Bd5 Kg7 46. Kg3 Ra7 47. Kf3 Be5 48. Ke4 1-0